| 000 | 00728nam a2200205 i 4500 | ||
|---|---|---|---|
| 001 | 55820 | ||
| 003 | ES-MaACL | ||
| 005 | 20230906163227.0 | ||
| 007 | t| | ||
| 008 | 030929s1912 ve ||||1| spa d | ||
| 245 | 0 | 0 |
_aAlcance al diario de Bucaramanga / _ceditado por la Casa de P. Ollendorff, de Paris. |
| 260 |
_aCaracas : _b[s.n.], _c1912. |
||
| 300 |
_a96 p. ; _c22 cm. |
||
| 530 | _aDisponible en formato digital. | ||
| 600 | 1 | 4 |
_aPerú de Lacroix, L. ( _d1780-1837). _tDiario de Bucaramanga. _9163705 |
| 600 | 0 | 4 |
_aHispano, Cornelio. _963828 |
| 600 | 1 | 4 |
_aArismendi Brito, Pedro. _9163706 |
| 852 |
_aES-MaACL _jT-1327-F-2 |
||
| 856 |
_uhttp://bdh-rd.bne.es/viewer.vm?id=0000091237&page=1 _zBiblioteca Digital Hispánica |
||
| 999 |
_c55820 _d55820 |
||